Neurosurgery in Africa / (Record no. 1174)

MARC details
000 -LEADER
fixed length control field 00521nam a22001937a 4500
003 - CONTROL NUMBER IDENTIFIER
control field OSt
005 - DATE AND TIME OF LATEST TRANSACTION
control field 20150320145736.0
008 - FIXED-LENGTH DATA ELEMENTS--GENERAL INFORMATION
fixed length control field 150320b xxu||||| |||| 00| 0 eng d
020 ## - INTERNATIONAL STANDARD BOOK NUMBER
International Standard Book Number 9781211932
040 ## - CATALOGING SOURCE
Transcribing agency dnlm
082 ## - DEWEY DECIMAL CLASSIFICATION NUMBER
Classification number WL 368 A32n 1989
100 ## - MAIN ENTRY--PERSONAL NAME
Personal name Adeloye Adelola
9 (RLIN) 3204
245 ## - TITLE STATEMENT
Title Neurosurgery in Africa /
Statement of responsibility, etc. Adelola Adeloye
260 ## - PUBLICATION, DISTRIBUTION, ETC. (IMPRINT)
Place of publication, distribution, etc. Ibadan:
Name of publisher, distributor, etc. Ibadan University press;
Date of publication, distribution, etc. 1989.
300 ## - PHYSICAL DESCRIPTION
Extent xiii, 386p :
Other physical details ill;
Dimensions 26 cm.
504 ## - BIBLIOGRAPHY, ETC. NOTE
Bibliography, etc includes index
650 ## - SUBJECT ADDED ENTRY--TOPICAL TERM
Topical term or geographic name as entry element Neurosurgery
9 (RLIN) 3205
942 ## - ADDED ENTRY ELEMENTS (KOHA)
Source of classification or shelving scheme Other/Generic Classification Scheme
Koha item type Short Loan
Holdings
Withdrawn status Lost status Source of classification or shelving scheme Damaged status Not for loan Home library Current library Date acquired Source of acquisition Inventory number Total Checkouts Full call number Barcode Date last seen Price effective from Koha item type
    Other/Generic Classification Scheme     MUST Main Library MUST Main Library 20/03/2015   2000/14392   WL 368 A32n 1989 2015-0504 20/03/2015 20/03/2015 Short Loan
    Other/Generic Classification Scheme     MUST Main Library MUST Main Library 22/09/2016   2000/13476   WL 368 A32n 1989 2016-4474 22/09/2016 22/09/2016 Open Shelf
    Other/Generic Classification Scheme     MUST Main Library MUST Main Library 22/09/2016   99/13349   WL 368 A32n 1989 2016-4475 22/09/2016 22/09/2016 Open Shelf
    Other/Generic Classification Scheme     MUST Main Library MUST Main Library 22/09/2016   2000/13476   WL 368 A32n 1989 2016-4476 22/09/2016 22/09/2016 Open Shelf